| 000 | 00716nam a2200205 a 4500 | ||
|---|---|---|---|
| 008 | 120416s1996 ||||||||||||||||| || u | ||
| 020 | _a0750623837 | ||
| 050 | _aHD 30.28 Joy | ||
| 100 | _aWoods, Adrian | ||
| 245 | 1 | 0 | _aEssential strategic management |
| 246 | _afrom modernism to pragmatism | ||
| 260 |
_aOxford _bButterworth-Heinemann _c1996 |
||
| 300 | _axi, 285 p. : ill. | ||
| 350 | _a0.00 | ||
| 500 | _aBibliography. | ||
| 650 | 0 | _aMANAGEMENT | |
| 650 | _aSTRATEGIC PLANNING--HANDBOOKS, MANUALS, ETC | ||
| 700 | _aJoyce, Paul | ||
| 995 |
_D0.00 _FCBU-MAIN LIBRARY (Kitwe) _H1 _I12.95 _M1 _UAVAILABLE _WApr 24, 2006 _ZMain Library Open Access Collection |
||
| 999 |
_c42404 _d42404 |
||